[Event "North American op 29th"]
[Site "Las Vegas"]
[Date "2019.12.29"]
[Round "8"]
[White "Aldama Degurnay, Dionisio"]
[Black "Andrews, Todd D"]
[Result "0-1"]
[WhiteElo "2411"]
[BlackElo "2214"]
[PlyCount "122"]
[EventDate "2019.12.26"]
[EventType "swiss"]
[EventRounds "9"]
[EventCountry "USA"]
[SourceTitle "CBM 194 Extra"]
[Source "ChessBase"]
[SourceDate "2020.03.31"]
[SourceVersion "1"]
[SourceVersionDate "2020.03.31"]
[SourceQuality "1"]

1. e4 e6 2. d3 d5 3. Nd2 Nf6 4. Ngf3 Nc6 5. g3 Bc5 6. Bg2 dxe4 7. dxe4 e5 8. 0-0 0-0 9. Qe2 a5 10. h3 b6 11. Nc4 Ba6 12. b3 Nd4 13. Nxd4 Bxd4 14. Rb1 Qe7 15. Rd1 Rad8 16. Qf3 Bxc4 17. bxc4 Nd7 18. h4 Qe6 19. Bf1 Kh8 20. Qf5 Nc5 21. Ba3 g6 22. Qxe6 fxe6 23. Rxd4 Rxd4 24. Bxc5 bxc5 25. Bd3 Rd7 26. Rb5 a4 27. Rxc5 Rdf7 28. Rc6 Rxf2 29. Rxc7 Rd2 30. c5 Rb8 31. Rf7 Kg8 32. Rf1 Rc8 33. Rb1 Rxc5 34. Rb4 Rc7 35. Kf1 a3 36. Rb3 Ra7 37. Ke1 Rg2 38. Be2 Rg1+ 39. Kd2 Rg2 40. Ke1 Ra4 41. Re3 Rh2 42. c4 Rb4 43. c5 Rb1+ 44. Kd2 Rb2+ 45. Kd3 Rh1 46. Bg4 Kf7 47. Kc4 Rc1+ 48. Rc3 Rxc3+ 49. Kxc3 Ke7 50. c6 Kd6 51. c7 Kxc7 52. Bxe6 Kd6 53. Bg8 Kc5 54. Bxh7 Rxa2 55. Kb3 Rg2 56. Kxa3 Rxg3+ 57. Kb2 Kd4 58. Kc2 Rg2+ 59. Kb3 Rg4 60. Kc2 Rxe4 61. Bxg6 Rxh4 0-1

[Event "North American op 29th"]
[Site "Las Vegas"]
[Date "2019.12.28"]
[Round "6"]
[White "Aldama Degurnay, Dionisio"]
[Black "Izoria, Zviad"]
[Result "1/2-1/2"]
[WhiteElo "2411"]
[BlackElo "2599"]
[PlyCount "133"]
[EventDate "2019.12.26"]
[EventType "swiss"]
[EventRounds "9"]
[EventCountry "USA"]
[SourceTitle "CBM 194 Extra"]
[Source "ChessBase"]
[SourceDate "2020.03.31"]
[SourceVersion "1"]
[SourceVersionDate "2020.03.31"]
[SourceQuality "1"]

1. b3 d5 2. Bb2 Nf6 3. e3 g6 4. Bxf6 exf6 5. d4 f5 6. g3 Nd7 7. Bg2 Nf6 8. Ne2 c6 9. 0-0 Be6 10. a3 Bd6 11. Nd2 Qe7 12. Qc1 h5 13. h4 Ne4 14. Nf3 g5 15. c4 f6 16. c5 Bc7 17. b4 Bd7 18. Rb1 Kf7 19. a4 a6 20. b5 cxb5 21. Nc3 Qe6 22. axb5 Ba5 23. Nxe4 fxe4 24. bxa6 exf3 25. Bxf3 Bc6 26. Rxb7+ Bxb7 27. axb7 Rad8 28. hxg5 fxg5 29. e4 dxe4 30. Be2 Kg6 31. Qe3 Bc7 32. Ra1 Qf5 33. Bc4 Rhf8 34. Re1 h4 35. Qxe4 Qxe4 36. Rxe4 hxg3 37. fxg3 Bxg3 38. Kg2 Bb8 39. c6 Rf6 40. d5 Rf4 41. Re6+ Kf7 42. Ba2 Kf8 43. Rh6 Rh4 44. Rf6+ Kg7 45. c7 Bxc7 46. Rf7+ Kxf7 47. d6+ Kf6 48. dxc7 Rhh8 49. cxd8Q+ Rxd8 50. Bd5 Ke5 51. Bc6 Kf4 52. Bd7 g4 53. Kf2 g3+ 54. Kg2 Rh8 55. Kg1 Kf3 56. Bc6+ Ke3 57. Bd7 Rd8 58. Kg2 Kf4 59. Kg1 Kf3 60. Bc6+ Kg4 61. Bd7+ Kf4 62. Kg2 Rh8 63. Kg1 Kf3 64. Bc6+ Ke3 65. Kg2 Kf4 66. Kg1 Rd8 67. Bd7 1/2-1/2

[Event "Chicago op 27th"]
[Site "Chicago"]
[Date "2018.05.27"]
[Round "6"]
[White "Jumabayev, Rinat"]
[Black "Aldama Degurnay, Dionisio"]
[Result "1/2-1/2"]
[WhiteElo "2621"]
[BlackElo "2432"]
[PlyCount "119"]
[EventDate "2018.05.24"]
[EventType "swiss"]
[EventRounds "9"]
[EventCountry "USA"]
[SourceTitle "CBM 184 Extra"]
[Source "ChessBase"]
[SourceDate "2018.06.28"]
[SourceVersion "1"]
[SourceVersionDate "2018.06.28"]
[SourceQuality "1"]

1. Nf3 Nf6 2. g3 g6 3. Bg2 Bg7 4. c4 0-0 5. d4 d6 6. Nc3 Nbd7 7. 0-0 e5 8. e4 c6 9. b3 Re8 10. d5 cxd5 11. cxd5 b5 12. Re1 a6 13. a3 Bb7 14. Bh3 Qb8 15. Be3 Rc8 16. Rc1 Rc7 17. Nd2 h5 18. Qe2 Qf8 19. Na2 Rac8 20. Rxc7 Rxc7 21. Nb4 Bh6 22. Nb1 Bxe3 23. Qxe3 Qd8 24. Bf1 Nc5 25. Nd2 Ng4 26. Qf3 Kg7 27. Rc1 Nd7 28. Ra1 Qc8 29. Qd1 Nc5 30. Qe1 f5 31. f3 Nf6 32. Bh3 a5 33. Na2 Na6 34. Nf1 Qb8 35. exf5 Nxd5 36. Rd1 Rc2 37. Rd2 Qa7+ 38. Qf2 Qxf2+ 39. Kxf2 Rxd2+ 40. Nxd2 Nc5 41. fxg6 Kxg6 42. Nc1 Kf6 43. Bf1 Bc6 44. h4 Nc3 45. g4 hxg4 46. fxg4 e4 47. g5+ Ke5 48. Kg3 Ne6 49. a4 d5 50. axb5 Nxb5 51. Ne2 Nd6 52. Bh3 Ng7 53. Bg4 Be8 54. Kh3 d4 55. Ng3 Kf4 56. h5 Kxg5 57. Ngxe4+ Nxe4 58. Nxe4+ Kh6 59. Kg3 Nxh5+ 60. Kf3 1/2-1/2

[Event "Chicago op 27th"]
[Site "Chicago"]
[Date "2018.05.25"]
[Round "3"]
[White "Aldama Degurnay, Dionisio"]
[Black "Azarov, Sergei Nikolaevich"]
[Result "1/2-1/2"]
[WhiteElo "2432"]
[BlackElo "2560"]
[PlyCount "93"]
[EventDate "2018.05.24"]
[EventType "swiss"]
[EventRounds "9"]
[EventCountry "USA"]
[SourceTitle "CBM 184 Extra"]
[Source "ChessBase"]
[SourceDate "2018.06.28"]
[SourceVersion "1"]
[SourceVersionDate "2018.06.28"]
[SourceQuality "1"]

1. e4 c5 2. Nf3 Nc6 3. Nc3 e6 4. d4 cxd4 5. Nxd4 Qc7 6. Be2 a6 7. 0-0 Nf6 8. Be3 Be7 9. f4 d6 10. Qe1 0-0 11. Qg3 Bd7 12. Rad1 Nxd4 13. Bxd4 Bc6 14. a4 Rad8 15. b4 b5 16. axb5 axb5 17. Bxb5 Bxb5 18. Nxb5 Qc4 19. Qd3 Qxd3 20. cxd3 Rb8 21. Na7 Rxb4 22. Nc6 Rb7 23. Rb1 Rd7 24. Nxe7+ Rxe7 25. e5 dxe5 26. Bc5 Nd5 27. Bxe7 Nxe7 28. fxe5 h5 29. Rb7 Nc6 30. Re1 Rd8 31. Rb6 Ne7 32. Rd6 Ra8 33. Rd7 Nf5 34. d4 Ra2 35. d5 exd5 36. Rxd5 Nh4 37. e6 Rxg2+ 38. Kh1 fxe6 39. Rd8+ Kf7 40. Rf1+ Kg6 41. Rd4 Rg4 42. Rxg4+ hxg4 43. Kg1 Kg5 44. Kf2 Kf4 45. Ke2+ Nf3 46. h3 e5 47. hxg4 1/2-1/2

[Event "North American op 27th"]
[Site "Las Vegas"]
[Date "2017.12.28"]
[Round "5"]
[White "Hess, Robert L"]
[Black "Aldama Degurnay, Dionisio"]
[Result "1/2-1/2"]
[WhiteElo "2568"]
[BlackElo "2403"]
[PlyCount "97"]
[EventDate "2017.12.26"]
[EventType "swiss"]
[EventRounds "9"]
[EventCountry "USA"]
[SourceTitle "CBM 182 Extra"]
[Source "ChessBase"]
[SourceDate "2018.02.23"]
[SourceVersion "1"]
[SourceVersionDate "2018.02.23"]
[SourceQuality "1"]

1. d4 Nf6 2. Nf3 g6 3. c4 Bg7 4. Nc3 0-0 5. e4 d6 6. Be2 e5 7. 0-0 Nc6 8. Be3 h6 9. d5 Ne7 10. Nd2 b6 11. b4 a5 12. bxa5 Rxa5 13. a4 Nd7 14. Nb3 Ra8 15. a5 Nc5 16. axb6 Rxa1 17. Nxa1 cxb6 18. Qd2 h5 19. Rb1 f5 20. Qb2 Nxe4 21. Bxb6 Qe8 22. Nb5 Bd7 23. Bc7 Nc8 24. f3 Rf7 25. Qc1 Qe7 26. fxe4 Bxb5 27. cxb5 Qxc7 28. exf5 gxf5 29. Bxh5 Qb6+ 30. Kh1 Rf8 31. Qc6 e4 32. Nc2 Qf2 33. Qc4 Nb6 34. Qe2 Qxe2 35. Bxe2 Kf7 36. Ne3 Kf6 37. Ra1 f4 38. Nc4 Nxd5 39. Rd1 Nc3 40. Rxd6+ Ke7 41. Bg4 Nxb5 42. Re6+ Kf7 43. Rxe4 Kg8 44. h4 Nc3 45. Re7 Bf6 46. Be6+ Kh8 47. Rc7 Re8 48. Bf5 Re7 49. Rxe7 1/2-1/2

[Event "North American op 27th"]
[Site "Las Vegas"]
[Date "2017.12.27"]
[Round "4"]
[White "Paragua, Mark"]
[Black "Aldama Degurnay, Dionisio"]
[Result "0-1"]
[WhiteElo "2513"]
[BlackElo "2403"]
[PlyCount "60"]
[EventDate "2017.12.26"]
[EventType "swiss"]
[EventRounds "9"]
[EventCountry "USA"]
[SourceTitle "CBM 182 Extra"]
[Source "ChessBase"]
[SourceDate "2018.02.23"]
[SourceVersion "1"]
[SourceVersionDate "2018.02.23"]
[SourceQuality "1"]

1. d4 Nf6 2. Nf3 g6 3. g3 Bg7 4. c4 0-0 5. Bg2 d6 6. 0-0 Nbd7 7. Nc3 e5 8. e3 Re8 9. b3 c6 10. Qc2 Nf8 11. a4 Bf5 12. Qd1 Ne6 13. Nh4 Bg4 14. f3 exd4 15. exd4 Bh5 16. Ne2 d5 17. Bh3 c5 18. Bxe6 fxe6 19. Be3 cxd4 20. Bxd4 g5 21. Ng2 e5 22. Be3 e4 23. f4 dxc4 24. Qe1 Nd5 25. Rd1 cxb3 26. fxg5 b2 27. Rf5 Nxe3 28. Rxd8 Raxd8 29. Nxe3 Bxe2 30. Rf2 Rc8 0-1

[Event "Memorial Day Classic"]
[Site "Ontario"]
[Date "2017.05.28"]
[Round "4"]
[White "Aldama Degurnay, Dionisio"]
[Black "Peters, Jack"]
[Result "0-1"]
[WhiteElo "2385"]
[BlackElo "2346"]
[PlyCount "122"]
[EventDate "2017.05.27"]
[EventType "swiss"]
[EventRounds "6"]
[EventCountry "USA"]
[SourceTitle "CBM 178 Extra"]
[Source "ChessBase"]
[SourceDate "2017.06.22"]
[SourceVersion "1"]
[SourceVersionDate "2017.06.22"]
[SourceQuality "1"]

1. e4 c5 2. Nf3 d6 3. d4 cxd4 4. Nxd4 Nf6 5. Nc3 Nc6 6. Bc4 Qb6 7. Nb3 e6 8. Bg5 a6 9. Bxf6 gxf6 10. a4 Bd7 11. a5 Qc7 12. 0-0 0-0-0 13. Qd2 Kb8 14. Na4 Ne7 15. Nb6 Bc6 16. Rfe1 d5 17. Rad1 Bg7 18. exd5 Nxd5 19. Bxd5 Bxd5 20. Qb4 Bxb3 21. cxb3 Rxd1 22. Rxd1 Rd8 23. Rxd8+ Qxd8 24. g4 f5 25. Qf4+ Ka7 26. gxf5 Bxb2 27. fxe6 fxe6 28. Kg2 Bd4 29. Nc4 Qf6 30. Qg3 Qf5 31. h3 Qe4+ 32. Qf3 Qg6+ 33. Qg4 Kb8 34. Qxg6 hxg6 35. f4 Kc7 36. Kf3 Kc6 37. Ke4 Bg7 38. Ne5+ Kb5 39. Nxg6 Kxa5 40. Ne5 Kb4 41. Nd3+ Kxb3 42. Nc5+ Kb4 43. Nxb7 a5 44. Kd3 a4 45. Kc2 Bf6 46. h4 Bxh4 47. Nd6 Bg3 48. Kb2 Bxf4 49. Ne4 Be5+ 50. Ka2 Bd4 51. Ng5 e5 52. Nf3 a3 53. Ne1 Ka4 54. Nf3 Bb2 55. Ng5 Kb4 56. Ne4 Kc4 57. Nf2 Kd4 58. Kb3 e4 59. Kc2 e3 60. Nh3 e2 61. Ng1 Ke3 0-1

[Event "Philadelphia int op 10th"]
[Site "Philadelphia"]
[Date "2016.07.10"]
[Round "9"]
[White "Aldama Degurnay, Dionisio"]
[Black "Yao, Lan"]
[Result "1-0"]
[WhiteElo "2391"]
[BlackElo "2131"]
[PlyCount "103"]
[EventDate "2016.07.05"]
[EventType "swiss"]
[EventRounds "9"]
[EventCountry "USA"]
[SourceTitle "CBM 173 Extra"]
[Source "ChessBase"]
[SourceDate "2016.08.29"]
[SourceVersion "1"]
[SourceVersionDate "2016.08.29"]
[SourceQuality "1"]

1. e4 c5 2. Nc3 d6 3. f4 Nc6 4. Nf3 g6 5. Bc4 Bg7 6. 0-0 e6 7. d3 Nge7 8. Qe1 0-0 9. f5 d5 10. Bg5 f6 11. Bb3 fxg5 12. fxe6 Nd4 13. Nxg5 Nxb3 14. Qh4 h5 15. axb3 dxe4 16. dxe4 Qd4+ 17. Kh1 Bf6 18. Qg3 b6 19. Rad1 Ba6 20. Rxd4 cxd4 21. Re1 dxc3 22. bxc3 Rac8 23. c4 Rc6 24. Nf3 Rxe6 25. h3 Bc3 26. Re3 Nf5 27. exf5 Rxe3 28. Qxg6+ Bg7 29. Ng5 Rf6 30. Qh7+ Kf8 31. Qxh5 Ke7 32. g4 Bb7+ 33. Kg1 Bc6 34. Nh7 Rg3+ 35. Kf1 Bg2+ 36. Kf2 Rxh3 37. Nxf6 Rxh5 38. Nxh5 Be4 39. Nxg7 Bxc2 40. b4 Kf6 41. Ne8+ Ke5 42. c5 bxc5 43. bxc5 Ba4 44. Nd6 Bc6 45. g5 Bd5 46. Ke3 a5 47. f6 Ke6 48. Kd4 Bc6 49. f7 Ke7 50. g6 Kf8 51. Ke5 Kg7 52. Nf5+ 1-0

[Event "North American op 25th"]
[Site "Las Vegas"]
[Date "2015.12.28"]
[Round "6"]
[White "Wang, Chen"]
[Black "Aldama Degurnay, Dionisio"]
[Result "1-0"]
[WhiteElo "2530"]
[BlackElo "2388"]
[PlyCount "103"]
[EventDate "2015.12.26"]
[EventType "swiss"]
[EventRounds "9"]
[EventCountry "USA"]
[SourceTitle "CBM 170 Extra"]
[Source "ChessBase"]
[SourceDate "2016.02.25"]
[SourceVersion "1"]
[SourceVersionDate "2016.02.25"]
[SourceQuality "1"]

1. e4 e5 2. Nf3 Nc6 3. Bb5 a6 4. Ba4 Nf6 5. 0-0 b5 6. Bb3 Bb7 7. Re1 Bc5 8. c3 d6 9. d4 Bb6 10. h3 Qe7 11. Be3 0-0 12. Nbd2 Nb8 13. Bc2 Nbd7 14. Bg5 h6 15. Be3 Rfe8 16. Nh4 g6 17. Nhf3 Kg7 18. Rc1 c5 19. Bb1 Rad8 20. d5 Nh5 21. c4 b4 22. Nh2 Rh8 23. Bd3 Rdf8 24. Be2 Nhf6 25. Qc2 Nh7 26. Ndf1 Bd8 27. Ra1 Qe8 28. a3 a5 29. axb4 cxb4 30. c5 Nxc5 31. Bxc5 dxc5 32. Qxc5 Qd7 33. Rec1 Bg5 34. Ne3 Nf6 35. Bb5 Qd8 36. Bd3 Nh5 37. Nf3 Nf4 38. Bf1 Qf6 39. Nh2 h5 40. Qa7 Bh4 41. g3 Rb8 42. Rc7 Bxg3 43. fxg3 Qg5 44. Kf2 h4 45. g4 Qf6 46. Nf3 Bxd5 47. Nxd5 Nxd5 48. exd5 Qf4 49. Rac1 Rhf8 50. Qe3 Qg3+ 51. Ke2 a4 52. Ng5 1-0

[Event "North American op 25th"]
[Site "Las Vegas"]
[Date "2015.12.27"]
[Round "4"]
[White "Aldama Degurnay, Dionisio"]
[Black "Taghizadeh, Rayan"]
[Result "1-0"]
[WhiteElo "2388"]
[BlackElo "2259"]
[PlyCount "81"]
[EventDate "2015.12.26"]
[EventType "swiss"]
[EventRounds "9"]
[EventCountry "USA"]
[SourceTitle "CBM 170 Extra"]
[Source "ChessBase"]
[SourceDate "2016.02.25"]
[SourceVersion "1"]
[SourceVersionDate "2016.02.25"]
[SourceQuality "1"]

1. e4 e5 2. Nf3 Nc6 3. Bb5 a6 4. Ba4 Nf6 5. 0-0 Be7 6. Re1 b5 7. Bb3 0-0 8. h3 d6 9. c3 Na5 10. Bc2 c5 11. d4 Qc7 12. Nbd2 cxd4 13. cxd4 Rd8 14. d5 Bd7 15. Nf1 Rdc8 16. Bd3 Nb7 17. Bg5 Nc5 18. Bb1 h6 19. Bd2 Bf8 20. Ng3 Na4 21. Bc1 a5 22. Nh2 g6 23. Bd3 Qd8 24. Qe2 Rab8 25. f4 exf4 26. Bxf4 Bg7 27. Rf1 Qe7 28. Rae1 Ne8 29. b3 Nc5 30. Bb1 b4 31. Rf3 Nc7 32. Qf2 Nb5 33. Nf5 Qf8 34. Nxg7 Qxg7 35. e5 Re8 36. e6 Nxe6 37. dxe6 Bxe6 38. Rfe3 g5 39. Bg3 Bd7 40. Ng4 Bxg4 41. hxg4 1-0

[Event "American op 51st"]
[Site "Orange"]
[Date "2015.11.29"]
[Round "8"]
[White "Aldama Degurnay, Dionisio"]
[Black "Bryant, John Daniel"]
[Result "1-0"]
[WhiteElo "2388"]
[BlackElo "2409"]
[PlyCount "137"]
[EventDate "2015.11.26"]
[EventType "swiss"]
[EventRounds "8"]
[EventCountry "USA"]
[SourceTitle "EXT 2017"]
[Source "ChessBase"]
[SourceDate "2016.10.25"]
[SourceVersion "1"]
[SourceVersionDate "2016.10.25"]
[SourceQuality "1"]

1. e4 e5 2. Nf3 Nc6 3. Bb5 Nf6 4. d3 d6 5. c3 Be7 6. 0-0 0-0 7. Nbd2 a6 8. Ba4 b5 9. Bc2 Re8 10. Re1 Bf8 11. a4 b4 12. d4 Rb8 13. d5 Ne7 14. cxb4 Rxb4 15. b3 c6 16. Ba3 Rb7 17. Nc4 Rd7 18. Bb4 Bb7 19. Ba5 Qb8 20. Nb6 Rc7 21. Nd2 cxd5 22. exd5 Rxc2 23. Qxc2 Nexd5 24. Nxd5 Nxd5 25. Ne4 Rc8 26. Qd2 Nf4 27. Rad1 d5 28. Ng3 d4 29. f3 Bd5 30. Ne2 Ne6 31. b4 Qb7 32. Rc1 Rb8 33. Rb1 Be7 34. Ng3 Bg5 35. Qd3 Nf4 36. Qd1 f6 37. b5 Ra8 38. Ne4 Bh6 39. Bd2 axb5 40. Rxb5 Qc6 41. Qb1 Bxe4 42. fxe4 Rxa4 43. Kh1 Ra8 44. Rc1 Qe6 45. Rb6 Qa2 46. Rb8+ Kf7 47. Rxa8 Qxa8 48. Qb3+ Kg6 49. Qg3+ Bg5 50. Bxf4 exf4 51. Qf3 Qa5 52. Rd1 Qc3 53. Qd3 f3 54. gxf3 Qxd3 55. Rxd3 Be3 56. Kg2 Kg5 57. Ra3 g6 58. Ra5+ Kh4 59. Rd5 h6 60. Rd6 Kg5 61. h4+ Kxh4 62. Rxf6 Kg5 63. e5 d3 64. Kf1 h5 65. Rf7 h4 66. e6 Bc5 67. e7 Bxe7 68. Rxe7 Kf4 69. Kf2 1-0

[Event "American op 51st"]
[Site "Orange"]
[Date "2015.11.29"]
[Round "7"]
[White "Brown, Michael William"]
[Black "Aldama Degurnay, Dionisio"]
[Result "1-0"]
[WhiteElo "2366"]
[BlackElo "2388"]
[PlyCount "91"]
[EventDate "2015.11.26"]
[EventType "swiss"]
[EventRounds "8"]
[EventCountry "USA"]
[SourceTitle "EXT 2017"]
[Source "ChessBase"]
[SourceDate "2016.10.25"]
[SourceVersion "1"]
[SourceVersionDate "2016.10.25"]
[SourceQuality "1"]

1. d4 d6 2. Nf3 Nf6 3. c4 g6 4. Nc3 Bg7 5. e4 0-0 6. Be2 e5 7. Be3 h6 8. d5 Ng4 9. Bd2 f5 10. exf5 gxf5 11. g3 e4 12. Nh4 Nxf2 13. Kxf2 f4 14. Kg2 f3+ 15. Nxf3 exf3+ 16. Bxf3 Nd7 17. Bg4 Ne5 18. Bxc8 Qxc8 19. Qe2 Qf5 20. Raf1 Qc2 21. Rxf8+ Rxf8 22. Bf4 Qxe2+ 23. Nxe2 Nxc4 24. Rc1 Re8 25. Kf3 Ne5+ 26. Bxe5 Rxe5 27. Rxc7 Rxd5 28. Rxb7 Rd3+ 29. Ke4 Rd2 30. Ke3 Rxb2 31. Rxa7 Be5 32. h4 Rb4 33. Kf3 Kf8 34. a4 Ke8 35. a5 Ra4 36. a6 Kd8 37. h5 Kc8 38. Nf4 Ra3+ 39. Kg4 Bd4 40. Rh7 Rxa6 41. Rxh6 Kd7 42. Rh7+ Ke8 43. Ne6 Bb6 44. Rb7 Ra4+ 45. Kf5 Be3 46. Kf6 1-0

[Event "American op 51st 3-day G/60"]
[Site "Orange"]
[Date "2015.11.27"]
[Round "2"]
[White "Aldama Degurnay, Dionisio"]
[Black "Kretchetov, Alexandre"]
[Result "1-0"]
[WhiteElo "2388"]
[BlackElo "2325"]
[PlyCount "73"]
[EventDate "2015.11.27"]
[EventType "swiss (rapid)"]
[EventRounds "4"]
[EventCountry "USA"]
[SourceTitle "EXT 2017"]
[Source "ChessBase"]
[SourceDate "2016.10.25"]
[SourceVersion "1"]
[SourceVersionDate "2016.10.25"]
[SourceQuality "1"]

1. e4 c6 2. d4 g6 3. Nc3 d5 4. Nf3 Bg7 5. h3 Nh6 6. Bd3 f6 7. 0-0 Nf7 8. Re1 0-0 9. Bf4 e5 10. dxe5 fxe5 11. Bg3 d4 12. Nb1 Be6 13. Nbd2 c5 14. Bc4 Bxc4 15. Nxc4 Nc6 16. a4 b6 17. c3 Qe7 18. Qb3 Qe6 19. Qa2 Kh8 20. cxd4 cxd4 21. b3 Rac8 22. Qe2 Nd6 23. Nxd6 Qxd6 24. Rac1 Nb4 25. Qb5 Rce8 26. Rc4 a5 27. Rxd4 Qe6 28. Rc4 Rxf3 29. gxf3 Rf8 30. Kg2 Nd3 31. Rd1 Nb2 32. Rb1 Nxc4 33. bxc4 Qf6 34. Rb3 h5 35. Qxb6 Qf7 36. Qxa5 Qxc4 37. Qb5 1-0

[Event "USA tt"]
[Site "ICC INT"]
[Date "2015.09.08"]
[Round "3"]
[White "Zherebukh, Yaroslav"]
[Black "Aldama Degurnay, Dionisio"]
[Result "1/2-1/2"]
[WhiteElo "2637"]
[BlackElo "2402"]
[PlyCount "275"]
[EventDate "2015.08.25"]
[EventType "team-swiss"]
[EventRounds "10"]
[EventCountry "USA"]
[SourceTitle "EXT 2016"]
[Source "ChessBase"]
[SourceDate "2015.10.08"]
[SourceVersion "1"]
[SourceVersionDate "2015.10.08"]
[SourceQuality "1"]
[WhiteTeam "San Diego"]
[BlackTeam "Las Vegas"]
[WhiteTeamCountry "USA"]
[BlackTeamCountry "USA"]

1. d4 Nf6 2. Bg5 g6 3. Nf3 Bg7 4. Nbd2 h6 5. Bh4 0-0 6. e3 d6 7. Bd3 c5 8. c3 Nc6 9. Bxf6 Bxf6 10. Ne4 Bg7 11. d5 Ne5 12. Nxe5 dxe5 13. Bc4 Kh8 14. d6 Bf5 15. Nxc5 Rc8 16. Nxb7 Qd7 17. Na5 exd6 18. 0-0 d5 19. Bd3 Be6 20. Nb3 f5 21. f4 Qc7 22. Qd2 Rb8 23. Rae1 Rb6 24. fxe5 Qxe5 25. Nd4 Rfb8 26. b4 Bd7 27. b5 Rc8 28. a4 Rf6 29. Rc1 Rff8 30. Nf3 Qe7 31. c4 dxc4 32. Rxc4 Rxc4 33. Bxc4 Bc8 34. Kh1 Re8 35. Rd1 g5 36. a5 g4 37. Nd4 Qxe3 38. Qxe3 Rxe3 39. Nc6 Bb7 40. Nxa7 Be5 41. Nc6 Bc7 42. a6 Ba8 43. Bd5 Bxc6 44. Bxc6 Bb6 45. g3 Ra3 46. Bd7 Rb3 47. Bxf5 Rxb5 48. Bxg4 Ra5 49. Be2 Ra2 50. Bc4 Ra4 51. Bb5 Ra5 52. Bf1 h5 53. Rd6 Bf2 54. Kg2 Be3 55. Kf3 Bg1 56. Kg2 Be3 57. Be2 Kg7 58. Re6 Bd4 59. h4 Ra2 60. Kf3 Ra3+ 61. Kg2 Ra2 62. Kh3 Ra5 63. Bf3 Bf2 64. Kg2 Bd4 65. Re7+ Kg6 66. Be4+ Kf6 67. Rh7 Ra2+ 68. Kh3 Ra5 69. Bf3 Be3 70. Be2 Ra2 71. Bb5 Ra3 72. Kg2 Kg6 73. Re7 Bd4 74. Be8+ Kf6 75. Rf7+ Ke6 76. Rf3 Rxa6 77. Bxh5 Ra2+ 78. Kh3 Rc2 79. Bg6 Rf2 80. Rd3 Be5 81. Be4 Rc2 82. Rf3 Rc1 83. Bd3 Rg1 84. Bc4+ Ke7 85. Rf7+ Ke8 86. Kg4 Rxg3+ 87. Kh5 Bg7 88. Rb7 Bf6 89. Rb6 Bg7 90. Bb5+ Ke7 91. Be2 Bf6 92. Bg4 Rg1 93. Bh3 Rg3 94. Bg4 Rg1 95. Rb7+ Ke8 96. Rb3 Ke7 97. Rh3 Kf7 98. Re3 Rh1 99. Be6+ Kf8 100. Bh3 Kg7 101. Rg3+ Kf7 102. Rd3 Rg1 103. Rd7+ Kf8 104. Be6 Rg7 105. Rd3 Ke7 106. Bf5 Rg1 107. Rh3 Kf7 108. Be4 Kg7 109. Rb3 Kf8 110. Rb6 Bg7 111. Bf5 Rg3 112. Bg4 Bd4 113. Rb4 Bf6 114. Rb8+ Kg7 115. Be6 Be5 116. Rb7+ Kh8 117. Rb5 Bd6 118. Bg4 Kg7 119. Rg5+ Kh7 120. Rd5 Be7 121. Rd7 Re3 122. Bf5+ Kg7 123. Kg4 Re1 124. h5 Kh6 125. Bg6 Rg1+ 126. Kf5 Rf1+ 127. Ke6 Re1+ 128. Kf7 Re3 129. Rb7 Re1 130. Rb8 Bd6 131. Rh8+ Kg5 132. Rd8 Re7+ 133. Kg8 Be5 134. Bf7 Rb7 135. Rf8 Rb8 136. Rxb8 Bxb8 137. Bg6 Kh6 138. Kf7 1/2-1/2

[Event "Las Vegas National op"]
[Site "Las Vegas"]
[Date "2015.06.21"]
[Round "5"]
[White "Aldama Degurnay, Dionisio"]
[Black "Nyzhnyk, Illya"]
[Result "0-1"]
[WhiteElo "2407"]
[BlackElo "2622"]
[PlyCount "92"]
[EventDate "2015.06.19"]
[EventType "swiss"]
[EventRounds "6"]
[EventCountry "USA"]
[SourceTitle "CBM 167 Extra"]
[Source "ChessBase"]
[SourceDate "2015.09.14"]
[SourceVersion "1"]
[SourceVersionDate "2015.09.14"]
[SourceQuality "1"]

1. e4 c5 2. Nf3 d6 3. d4 cxd4 4. Nxd4 Nf6 5. Nc3 a6 6. Bc4 e6 7. Bb3 Nbd7 8. f4 Nc5 9. e5 dxe5 10. fxe5 Nfd7 11. Bf4 b5 12. 0-0 Bb7 13. Qe2 Be7 14. Rad1 0-0 15. Qg4 Kh8 16. Rfe1 Qb6 17. Kh1 b4 18. Na4 Nxa4 19. Bxa4 Nc5 20. Bb3 Rad8 21. Be3 Qc7 22. Bg1 Nxb3 23. cxb3 Rd5 24. Rc1 Qa5 25. Nc6 Bxc6 26. Rxc6 Rxe5 27. Rxe5 Qxe5 28. Rxa6 Qxb2 29. Ra7 Qf6 30. Qc4 Kg8 31. Qc7 Re8 32. Qd7 Kf8 33. Rc7 g6 34. h3 Rd8 35. Rc8 Rxc8 36. Qxc8+ Kg7 37. Qc4 e5 38. Bc5 Bxc5 39. Qxc5 Qf1+ 40. Kh2 Qf4+ 41. Kh1 Qd4 42. Qe7 e4 43. Kh2 h5 44. h4 e3 45. g3 Qd2+ 46. Kh3 Qf2 0-1

[Event "Southern California op-A 36th"]
[Site "San Diego"]
[Date "2014.09.01"]
[Round "6"]
[White "Aldama Degurnay, Dionisio"]
[Black "Gareyev, Timur"]
[Result "1/2-1/2"]
[WhiteElo "2405"]
[BlackElo "2614"]
[PlyCount "32"]
[EventDate "2014.08.30"]
[EventType "swiss"]
[EventRounds "6"]
[EventCountry "USA"]
[SourceTitle "EXT 2018"]
[Source "ChessBase"]
[SourceDate "2017.10.13"]
[SourceVersion "1"]
[SourceVersionDate "2017.10.13"]
[SourceQuality "1"]

1. e4 e5 2. Nf3 Nc6 3. Bb5 f5 4. Bxc6 dxc6 5. Nc3 Nf6 6. Qe2 Bd6 7. d4 exd4 8. e5 dxc3 9. exf6+ Kf8 10. fxg7+ Kxg7 11. 0-0 f4 12. bxc3 Re8 13. Qd3 Qf6 14. c4 Kh6 15. Bd2 Bf5 16. Qb3 c5 1/2-1/2

[Event "Los Angeles Century West op"]
[Site "Los Angeles"]
[Date "2013.01.12"]
[Round "3"]
[White "Amanov, Zhanibek"]
[Black "Aldama Degurnay, Dionisio"]
[Result "1-0"]
[WhiteElo "2360"]
[BlackElo "2430"]
[PlyCount "115"]
[EventDate "2013.01.11"]
[EventType "swiss"]
[EventRounds "5"]
[EventCountry "USA"]
[SourceTitle "CBM 152 Extra"]
[Source "ChessBase"]
[SourceDate "2013.02.25"]
[SourceVersion "1"]
[SourceVersionDate "2013.02.25"]
[SourceQuality "1"]

1. e4 g6 2. d4 c6 3. Nc3 d5 4. h3 Bg7 5. Nf3 dxe4 6. Nxe4 Nd7 7. Bc4 Ngf6 8. Nxf6+ Nxf6 9. 0-0 0-0 10. Re1 b6 11. Qe2 e6 12. Bg5 h6 13. Bh4 Bb7 14. Rad1 g5 15. Bg3 Nd5 16. Bb3 b5 17. Ne5 a5 18. c3 Re8 19. Bc2 f6 20. Nd3 Ra7 21. Nc5 Bc8 22. a4 bxa4 23. Bxa4 Qb6 24. Bc2 Bf8 25. c4 Nf4 26. Bxf4 gxf4 27. Ne4 Qd8 28. Qg4+ Rg7 29. Qxf4 f5 30. Ng3 Rg5 31. Ba4 Re7 32. c5 Rb7 33. Bxc6 Rxb2 34. Rb1 Rb4 35. Rxb4 axb4 36. Rb1 e5 37. Qxe5 Kh7 38. Rxb4 Bg7 39. Qf4 Qe7 40. Rb1 Qf6 41. Bb7 Bd7 42. Bf3 Qxd4 43. Qxd4 Bxd4 44. Rd1 Rxg3 45. Rxd4 Rg7 46. Rd6 Re7 47. Kh2 Be8 48. Kg3 Ra7 49. Rf6 Bd7 50. c6 Bc8 51. Rf8 Rc7 52. Kf4 Kg7 53. Rd8 Kf7 54. Ke5 Ke7 55. Rh8 Ba6 56. Rxh6 Kf8 57. Kd6 Rf7 58. c7 1-0